Państwa leżące nad Morzem Północnym - Statystyki

Ogólne statystyki
  • Ten quiz został rozwiązany 890 razy
  • Średni wynik to 6 z 7
Statystyki odpowiedzi
Państwo % Poprawnych
Norwegia
99%
Dania
96%
Wielka Brytania
95%
Francja
92%
Niemcy
91%
Holandia
90%
Belgia
88%
Nie znaleziono quizów pasujących do podanych kryteriów
Rozkład punktacji
Procent ludzi z każdym wynikiem
Percentyl według liczby udzielonych odpowiedzi
Twoja historia wyników
Nie rozwiązałeś tego quizu